A History of Sawai Jai Singh and his Times (1688-1743 A.D.)/ (Record no. 190877)

MARC details
000 -LEADER
fixed length control field 00614nam a22001817a 4500
005 - DATE AND TIME OF LATEST TRANSACTION
control field 20220808153544.0
010 ## - LCCN (DPL NO)
LC control number Megha Khanna
020 ## - INTERNATIONAL STANDARD BOOK NUMBER
International Standard Book Number 978-9385445781
Terms of availability 1995.00
037 ## - SOURCE OF ACQUISITION
Source of stock number/acquisition Literary Circle
082 ## - DEWEY DECIMAL CLASSIFICATION NUMBER
Edition number 2nd
100 ## - MAIN ENTRY--PERSONAL NAME
Personal name Bhatnagar, V..S.
245 ## - TITLE STATEMENT
Title A History of Sawai Jai Singh and his Times (1688-1743 A.D.)/
Statement of responsibility, etc V.S.Bhatnagar
260 ## - PUBLICATION, DISTRIBUTION, ETC. (IMPRINT)
Place of publication, distribution, etc Jaipur
Name of publisher, distributor, etc Literary Circle
Date of publication, distribution, etc 2020
270 ## - ADDRESS
Address C-13, First Floor Opp Khandelal Girls College SC Road
City Jaipur
Postal code 302001
Telephone number 0141-2376922
Electronic mail address literarycirclejpr@yahoo.com
300 ## - PHYSICAL DESCRIPTION
Extent viii,419 p.
Dimensions 24.5 cm (Hb)
500 ## - GENERAL NOTE
General note Bibliography, Index
942 ## - ADDED ENTRY ELEMENTS (KOHA)
Source of classification or shelving scheme Dewey Decimal Classification
Item type English Books
Call number suffix BHA

No items available.


© Delhi Public Library
Hit Counter
free hit counter